000 00535nam a2200217Ia 4500
003 OSt
005 20220924153704.0
006 a|||||r|||| 00| 0
007 ta
008 220923b |||||||| |||| 00| 0 san d
024 _a351323
037 _cTextual
040 _aARTS
_cARTS
_bsan
041 _2san
_asan
082 _aO15, P4
100 _aPathak Ganeshdatt Au.
_9229531
245 0 _aHast sanjeevanam
260 _c2004
942 _hO15, P4
_cTEXL
_2CC
999 _c474520
_d474520